[Event "DEM U16 2022"]
[Site "Willingen GER"]
[Date "2022.06.10"]
[Round "8"]
[White "Hecht, Jonas Christian"]
[Black "Gluma, Christian"]
[Result "1/2-1/2"]
[Termination "normal"]
[Board "13"]
[WhiteElo "1938"]
[BlackElo "2014"]
[WhiteClock "00:18:57"]
[BlackClock "00:25:05"]
[PlyCount "41"]
[WhiteFideId "16214846"]
[BlackFideId "16223209"]
[EventCountry "GER"]
[EventRounds "9"]
[EventType "swiss"]
[EventDate "2022.06.04"]

1. e4 {[%clk 1:30:58]} c6 {[%clk 1:30:51]} 2. d4 {[%clk 1:30:26]} d5 {[%clk
1:30:28]} 3. e5 {[%clk 1:29:39]} g6 {[%clk 1:30:44]} 4. h4 {[%clk 1:26:58]} h5
{[%clk 1:29:25]} 5. Bd3 {[%clk 1:23:50]} Nh6 {[%clk 1:28:06]} 6. Ne2 {[%clk
1:14:30]} Qb6 {[%clk 1:21:12]} 7. c3 {[%clk 1:03:01]} Na6 {[%clk 1:14:13]} 8.
Nf4 {[%clk 0:55:40]} Nc7 {[%clk 1:10:10]} 9. a4 {[%clk 0:46:58]} Ne6 {[%clk
1:05:36]} 10. a5 {[%clk 0:42:01]} Qc7 {[%clk 1:04:51]} 11. Qa4 {[%clk 0:37:36]}
Nxf4 {[%clk 0:53:12]} 12. Bxf4 {[%clk 0:37:58]} Bf5 {[%clk 0:51:41]} 13. Bxf5
{[%clk 0:29:39]} Nxf5 {[%clk 0:51:34]} 14. Nd2 {[%clk 0:28:20]} e6 {[%clk
0:47:11]} 15. Nf3 {[%clk 0:26:27]} Be7 {[%clk 0:44:36]} 16. g3 {[%clk 0:25:10]}
O-O {[%clk 0:39:04]} 17. b4 {[%clk 0:24:31]} Rfc8 {[%clk 0:35:20]} 18. O-O
{[%clk 0:24:50]} Qd8 {[%clk 0:34:39]} 19. Ra2 {[%clk 0:20:54]} Kg7 {[%clk
0:27:38]} 20. Re1 {[%clk 0:20:04]} Qc7 {[%clk 0:25:05]} 21. Bg5 {[%clk
0:18:57]} 1/2-1/2

[Event "DEM U16 2022"]
[Site "Willingen GER"]
[Date "2022.06.10"]
[Round "8"]
[White "Mimkes, Antal"]
[Black "Spriestersbach, Kai"]
[Result "1-0"]
[Termination "normal"]
[Board "14"]
[WhiteElo "1696"]
[BlackElo "1948"]
[WhiteClock "00:41:33"]
[BlackClock "00:29:07"]
[PlyCount "51"]
[WhiteFideId "16265963"]
[BlackFideId "16269985"]
[EventCountry "GER"]
[EventRounds "9"]
[EventType "swiss"]
[EventDate "2022.06.04"]

1. e4 {[%clk 1:30:39]} c5 {[%clk 1:30:58]} 2. Nc3 {[%clk 1:30:47]} Nc6 {[%clk
1:31:22]} 3. f4 {[%clk 1:30:45]} g6 {[%clk 1:31:12]} 4. Nf3 {[%clk 1:31:01]}
Bg7 {[%clk 1:31:27]} 5. g3 {[%clk 1:31:13]} d6 {[%clk 1:31:11]} 6. Bg2 {[%clk
1:31:07]} e6 {[%clk 1:31:27]} 7. O-O {[%clk 1:31:24]} Nge7 {[%clk 1:31:46]} 8.
d3 {[%clk 1:31:37]} O-O {[%clk 1:32:01]} 9. Rb1 {[%clk 1:31:57]} Rb8 {[%clk
1:23:32]} 10. a4 {[%clk 1:30:52]} b6 {[%clk 1:12:14]} 11. g4 {[%clk 1:30:49]}
f5 {[%clk 1:12:32]} 12. exf5 {[%clk 1:30:57]} gxf5 {[%clk 1:12:45]} 13. g5
{[%clk 1:28:21]} a6 {[%clk 1:08:31]} 14. h4 {[%clk 1:28:37]} Qe8 {[%clk
1:06:02]} 15. Ne2 {[%clk 1:20:43]} e5 {[%clk 0:52:52]} 16. Ng3 {[%clk 1:17:49]}
Be6 {[%clk 0:50:12]} 17. h5 {[%clk 1:12:56]} Nd5 {[%clk 0:46:54]} 18. h6 {[%clk
1:05:30]} Bh8 {[%clk 0:47:17]} 19. Nh4 {[%clk 1:04:21]} Nxf4 {[%clk 0:43:38]}
20. Bxf4 {[%clk 1:02:49]} exf4 {[%clk 0:44:02]} 21. Nh5 {[%clk 1:02:38]} f3
{[%clk 0:39:34]} 22. Bxf3 {[%clk 0:59:20]} Nd4 {[%clk 0:38:18]} 23. Bg2 {[%clk
0:50:29]} Nxc2 {[%clk 0:30:33]} 24. Ng7 {[%clk 0:43:44]} Qxa4 {[%clk 0:29:06]}
25. Nxe6 {[%clk 0:42:25]} Qxh4 {[%clk 0:29:07]} 26. Qxc2 {[%clk 0:41:33]} 1-0

[Event "DEM U16 2022"]
[Site "Willingen GER"]
[Date "2022.06.10"]
[Round "8"]
[White "Tovmasyan, Minas"]
[Black "Guo, Philipp Ziming"]
[Result "0-1"]
[Termination "normal"]
[Board "15"]
[WhiteElo "1933"]
[BlackElo "1825"]
[WhiteClock "00:29:09"]
[BlackClock "00:03:23"]
[PlyCount "86"]
[WhiteFideId "16247620"]
[BlackFideId "16245199"]
[EventCountry "GER"]
[EventRounds "9"]
[EventType "swiss"]
[EventDate "2022.06.04"]

1. d4 {[%clk 1:30:54]} Nf6 {[%clk 1:30:52]} 2. Nf3 {[%clk 1:31:18]} e6 {[%clk
1:31:09]} 3. g3 {[%clk 1:31:43]} c5 {[%clk 1:30:18]} 4. Bg2 {[%clk 1:32:02]}
cxd4 {[%clk 1:28:27]} 5. Nxd4 {[%clk 1:32:14]} d5 {[%clk 1:28:44]} 6. O-O
{[%clk 1:31:22]} e5 {[%clk 1:27:27]} 7. Nb3 {[%clk 1:28:44]} Be6 {[%clk
1:27:17]} 8. Bg5 {[%clk 1:26:02]} Nbd7 {[%clk 1:22:10]} 9. Qd3 {[%clk 1:07:34]}
h6 {[%clk 1:13:17]} 10. Bxf6 {[%clk 1:07:01]} Nxf6 {[%clk 1:11:05]} 11. Qb5+
{[%clk 0:54:48]} Qd7 {[%clk 1:09:52]} 12. Nc3 {[%clk 0:54:59]} Rd8 {[%clk
1:03:50]} 13. Na5 {[%clk 0:46:23]} Qxb5 {[%clk 0:54:14]} 14. Nxb5 {[%clk
0:46:45]} Rd7 {[%clk 0:46:47]} 15. c4 {[%clk 0:28:30]} Bb4 {[%clk 0:31:44]} 16.
cxd5 {[%clk 0:28:42]} Bxd5 {[%clk 0:31:44]} 17. Bxd5 {[%clk 0:28:12]} Nxd5
{[%clk 0:31:46]} 18. Nc4 {[%clk 0:27:27]} a6 {[%clk 0:30:26]} 19. Nba3 {[%clk
0:27:52]} f6 {[%clk 0:21:02]} 20. Rfd1 {[%clk 0:26:22]} b5 {[%clk 0:20:14]} 21.
e4 {[%clk 0:24:31]} bxc4 {[%clk 0:19:41]} 22. exd5 {[%clk 0:21:52]} Bxa3 {[%clk
0:19:17]} 23. bxa3 {[%clk 0:22:21]} Ke7 {[%clk 0:19:05]} 24. Rab1 {[%clk
0:15:11]} Rc8 {[%clk 0:13:24]} 25. Kf1 {[%clk 0:09:15]} Rc5 {[%clk 0:11:14]}
26. Rbc1 {[%clk 0:06:29]} Kd6 {[%clk 0:11:08]} 27. Rd2 {[%clk 0:06:16]} Rdc7
{[%clk 0:10:21]} 28. Rdc2 {[%clk 0:04:04]} c3 {[%clk 0:08:45]} 29. Ke2 {[%clk
0:03:49]} Kxd5 {[%clk 0:08:18]} 30. f3 {[%clk 0:03:23]} f5 {[%clk 0:05:50]} 31.
h4 {[%clk 0:02:30]} g6 {[%clk 0:04:40]} 32. Ke3 {[%clk 0:02:07]} Rc4 {[%clk
0:03:56]} 33. Ke2 {[%clk 0:01:06]} g5 {[%clk 0:01:54]} 34. hxg5 {[%clk
0:00:36]} hxg5 {[%clk 0:02:23]} 35. Rd1+ {[%clk 0:00:49]} Rd4 {[%clk 0:02:44]}
36. Rd3 {[%clk 0:00:35]} Rxd3 {[%clk 0:02:54]} 37. Kxd3 {[%clk 0:01:05]} e4+
{[%clk 0:02:55]} 38. fxe4+ {[%clk 0:01:34]} fxe4+ {[%clk 0:03:24]} 39. Ke3
{[%clk 0:01:11]} Rf7 {[%clk 0:02:57]} 40. Rxc3 {[%clk 0:01:11]} Rf3+ {[%clk
0:03:23]} 41. Kd2 {[%clk 0:01:39]} Rxc3 {[%clk 0:03:45]} 42. Kxc3 {[%clk
0:01:56]} g4 {[%clk 0:03:23]} 43. a4 {[%clk 0:29:09]} a5 0-1

[Event "DEM U16 2022"]
[Site "Willingen GER"]
[Date "2022.06.10"]
[Round "8"]
[White "Weidenhöfer, Max"]
[Black "Beyer, Lorenz"]
[Result "1-0"]
[Termination "normal"]
[Board "16"]
[WhiteElo "1945"]
[BlackElo "1512"]
[WhiteClock "01:04:46"]
[BlackClock "00:27:15"]
[PlyCount "51"]
[WhiteFideId "16230566"]
[BlackFideId "16245393"]
[EventCountry "GER"]
[EventRounds "9"]
[EventType "swiss"]
[EventDate "2022.06.04"]

1. e4 {[%clk 1:30:58]} c5 {[%clk 1:29:55]} 2. Nf3 {[%clk 1:31:15]} Nc6 {[%clk
1:30:18]} 3. d4 {[%clk 1:31:40]} cxd4 {[%clk 1:30:41]} 4. Nxd4 {[%clk 1:32:03]}
d6 {[%clk 1:30:35]} 5. Nc3 {[%clk 1:28:51]} g6 {[%clk 1:30:04]} 6. Be3 {[%clk
1:28:40]} Bg7 {[%clk 1:30:11]} 7. Qd2 {[%clk 1:28:51]} Bd7 {[%clk 1:24:14]} 8.
O-O-O {[%clk 1:25:31]} Nf6 {[%clk 1:14:55]} 9. f3 {[%clk 1:25:54]} a6 {[%clk
1:15:00]} 10. g4 {[%clk 1:21:18]} b5 {[%clk 1:11:05]} 11. h4 {[%clk 1:17:50]}
b4 {[%clk 1:09:42]} 12. Nd5 {[%clk 1:17:17]} Qa5 {[%clk 0:40:14]} 13. Kb1
{[%clk 1:05:55]} Nxd5 {[%clk 0:33:28]} 14. Nxc6 {[%clk 1:06:07]} Nc3+ {[%clk
0:30:08]} 15. Qxc3 {[%clk 1:06:05]} Qxa2+ {[%clk 0:26:43]} 16. Kxa2 {[%clk
1:06:27]} bxc3 {[%clk 0:27:10]} 17. Nd4 {[%clk 1:05:34]} Rb8 {[%clk 0:26:46]}
18. bxc3 {[%clk 1:04:37]} Bxd4 {[%clk 0:26:08]} 19. cxd4 {[%clk 1:04:45]} Rb4
{[%clk 0:26:10]} 20. Rb1 {[%clk 1:03:43]} Ra4+ {[%clk 0:26:32]} 21. Kb2 {[%clk
1:03:57]} O-O {[%clk 0:26:52]} 22. Kc1 {[%clk 1:04:06]} Ra3 {[%clk 0:27:07]}
23. Bd3 {[%clk 1:04:12]} Rc8 {[%clk 0:27:26]} 24. Kd2 {[%clk 1:04:25]} Ra2
{[%clk 0:27:02]} 25. Ra1 {[%clk 1:04:28]} Rb2 {[%clk 0:27:15]} 26. Rhb1 {[%clk
1:04:46]} 1-0

[Event "DEM U16 2022"]
[Site "Willingen GER"]
[Date "2022.06.11"]
[Round "9"]
[White "Lutsko, Artem"]
[Black "Bakiev, Diyor"]
[Result "1/2-1/2"]
[Termination "normal"]
[Board "1"]
[WhiteElo "2392"]
[BlackElo "2236"]
[WhiteClock "00:36:51"]
[BlackClock "00:06:19"]
[PlyCount "102"]
[WhiteFideId "14188767"]
[BlackFideId "16241584"]
[EventCountry "GER"]
[EventRounds "9"]
[EventType "swiss"]
[EventDate "2022.06.04"]

1. d4 {[%clk 1:30:59]} Nf6 {[%clk 1:30:52]} 2. c4 {[%clk 1:31:25]} c5 {[%clk
1:31:12]} 3. d5 {[%clk 1:31:52]} e6 {[%clk 1:31:38]} 4. Nc3 {[%clk 1:32:10]}
exd5 {[%clk 1:32:02]} 5. cxd5 {[%clk 1:32:38]} d6 {[%clk 1:32:24]} 6. Nf3
{[%clk 1:33:00]} g6 {[%clk 1:32:47]} 7. Bf4 {[%clk 1:33:27]} a6 {[%clk
1:33:06]} 8. a4 {[%clk 1:33:52]} Bg7 {[%clk 1:33:31]} 9. e3 {[%clk 1:32:32]}
O-O {[%clk 1:33:44]} 10. h3 {[%clk 1:31:30]} Ne8 {[%clk 1:33:56]} 11. Be2
{[%clk 1:31:13]} Nd7 {[%clk 1:34:20]} 12. O-O {[%clk 1:31:39]} Qe7 {[%clk
1:34:42]} 13. a5 {[%clk 1:29:59]} Rb8 {[%clk 1:33:54]} 14. Nd2 {[%clk 1:30:17]}
Ne5 {[%clk 1:28:45]} 15. Bh2 {[%clk 1:29:43]} f5 {[%clk 1:28:24]} 16. Qc2
{[%clk 1:28:53]} Nc7 {[%clk 1:25:10]} 17. Rad1 {[%clk 1:21:12]} b5 {[%clk
1:05:44]} 18. axb6 {[%clk 1:21:32]} Rxb6 {[%clk 1:06:07]} 19. Rfe1 {[%clk
1:19:57]} Nb5 {[%clk 0:54:50]} 20. f4 {[%clk 1:13:31]} Nf7 {[%clk 0:54:39]} 21.
Nc4 {[%clk 1:12:32]} Rb8 {[%clk 0:54:00]} 22. Nb1 {[%clk 1:10:00]} Bd7 {[%clk
0:36:01]} 23. Nbd2 {[%clk 1:09:26]} Nc7 {[%clk 0:33:53]} 24. Bf3 {[%clk
1:08:44]} Rb4 {[%clk 0:33:31]} 25. Bg3 {[%clk 0:59:52]} Rfb8 {[%clk 0:29:39]}
26. b3 {[%clk 0:52:32]} Nb5 {[%clk 0:26:14]} 27. Na5 {[%clk 0:48:57]} Qd8
{[%clk 0:20:50]} 28. Ndc4 {[%clk 0:42:28]} Na3 {[%clk 0:18:56]} 29. Nxa3 {[%clk
0:42:55]} Qxa5 {[%clk 0:19:21]} 30. Nc4 {[%clk 0:43:23]} Qc7 {[%clk 0:15:30]}
31. Rb1 {[%clk 0:42:42]} a5 {[%clk 0:14:42]} 32. Qa2 {[%clk 0:38:10]} a4 {[%clk
0:13:51]} 33. bxa4 {[%clk 0:37:26]} Bxa4 {[%clk 0:10:41]} 34. Rxb4 {[%clk
0:37:09]} Rxb4 {[%clk 0:09:20]} 35. Rb1 {[%clk 0:36:32]} Qb8 {[%clk 0:08:39]}
36. Rc1 {[%clk 0:32:40]} Bb3 {[%clk 0:08:00]} 37. Qe2 {[%clk 0:32:41]} Qb5
{[%clk 0:07:16]} 38. Nd2 {[%clk 0:31:13]} Qxe2 {[%clk 0:07:24]} 39. Bxe2 {[%clk
0:31:40]} Bxd5 {[%clk 0:07:39]} 40. Be1 {[%clk 0:31:36]} Rb2 {[%clk 0:03:17]}
41. g4 {[%clk 0:30:13]} Be4 {[%clk 0:22:50]} 42. Bc4 {[%clk 0:56:08]} Rc2
{[%clk 0:19:55]} 43. Rb1 {[%clk 0:47:28]} Bb2 {[%clk 0:16:28]} 44. Nxe4 {[%clk
0:44:28]} Rxc4 {[%clk 0:14:37]} 45. Nxd6 {[%clk 0:44:50]} Nxd6 {[%clk 0:13:58]}
46. Rxb2 {[%clk 0:45:17]} Rc1 {[%clk 0:14:10]} 47. Kf2 {[%clk 0:42:52]} c4
{[%clk 0:12:26]} 48. Ke2 {[%clk 0:41:51]} c3 {[%clk 0:11:08]} 49. Rb6 {[%clk
0:41:27]} Ne4 {[%clk 0:10:27]} 50. Rb7 {[%clk 0:37:25]} Rc2+ {[%clk 0:07:43]}
51. Kd3 {[%clk 0:36:51]} Rh2 {[%clk 0:06:19]} 1/2-1/2

[Event "DEM U16 2022"]
[Site "Willingen GER"]
[Date "2022.06.11"]
[Round "9"]
[White "Petrovskyi, Vadym"]
[Black "Farokhi, Keyvan"]
[Result "1/2-1/2"]
[Termination "normal"]
[Board "2"]
[WhiteElo "2330"]
[BlackElo "2360"]
[WhiteClock "00:04:46"]
[BlackClock "00:17:27"]
[PlyCount "66"]
[WhiteFideId "14165210"]
[BlackFideId "12998630"]
[EventCountry "GER"]
[EventRounds "9"]
[EventType "swiss"]
[EventDate "2022.06.04"]

1. e4 {[%clk 1:30:59]} c5 {[%clk 1:30:54]} 2. Nf3 {[%clk 1:31:23]} d6 {[%clk
1:31:17]} 3. d4 {[%clk 1:31:48]} cxd4 {[%clk 1:31:41]} 4. Nxd4 {[%clk 1:32:15]}
Nf6 {[%clk 1:32:04]} 5. Nc3 {[%clk 1:32:41]} a6 {[%clk 1:32:25]} 6. Be2 {[%clk
1:33:06]} e5 {[%clk 1:32:50]} 7. Nb3 {[%clk 1:33:32]} Be6 {[%clk 1:33:15]} 8.
O-O {[%clk 1:28:53]} Be7 {[%clk 1:33:10]} 9. Re1 {[%clk 1:28:59]} O-O {[%clk
1:26:33]} 10. Bf3 {[%clk 1:23:27]} Nbd7 {[%clk 1:19:46]} 11. a4 {[%clk
1:23:20]} Qc7 {[%clk 1:18:54]} 12. a5 {[%clk 1:20:24]} b5 {[%clk 1:15:46]} 13.
axb6 {[%clk 1:16:48]} Nxb6 {[%clk 1:15:41]} 14. Na5 {[%clk 1:13:30]} Rfd8
{[%clk 1:08:22]} 15. Nd5 {[%clk 1:07:00]} Nfxd5 {[%clk 1:06:15]} 16. exd5
{[%clk 1:07:29]} Bd7 {[%clk 1:06:29]} 17. Be3 {[%clk 0:47:46]} f5 {[%clk
0:56:16]} 18. c4 {[%clk 0:41:29]} e4 {[%clk 0:45:29]} 19. Be2 {[%clk 0:41:20]}
Bf6 {[%clk 0:45:50]} 20. c5 {[%clk 0:30:45]} dxc5 {[%clk 0:43:58]} 21. d6
{[%clk 0:31:12]} Qb8 {[%clk 0:44:12]} 22. Bxc5 {[%clk 0:30:52]} Kh8 {[%clk
0:42:41]} 23. Ra3 {[%clk 0:21:31]} Rc8 {[%clk 0:38:11]} 24. b4 {[%clk 0:18:02]}
Be6 {[%clk 0:36:40]} 25. g4 {[%clk 0:09:22]} Nd7 {[%clk 0:29:40]} 26. gxf5
{[%clk 0:09:39]} Bg8 {[%clk 0:29:56]} 27. Bd4 {[%clk 0:06:41]} Qxb4 {[%clk
0:24:28]} 28. Ra4 {[%clk 0:06:59]} Qxd6 {[%clk 0:24:51]} 29. Bxf6 {[%clk
0:07:22]} Qxd1 {[%clk 0:25:14]} 30. Bxg7+ {[%clk 0:07:49]} Kxg7 {[%clk
0:25:42]} 31. Rxd1 {[%clk 0:08:03]} Nf6 {[%clk 0:22:01]} 32. Bc4 {[%clk
0:04:18]} Rc5 {[%clk 0:20:39]} 33. Be6 {[%clk 0:04:46]} Bxe6 {[%clk 0:17:27]}
1/2-1/2

[Event "DEM U16 2022"]
[Site "Willingen GER"]
[Date "2022.06.11"]
[Round "9"]
[White "Laux, Dominik"]
[Black "Bui, Bao Anh Le"]
[Result "1-0"]
[Termination "normal"]
[Board "3"]
[WhiteElo "2263"]
[BlackElo "2127"]
[WhiteClock "00:01:11"]
[BlackClock "00:01:18"]
[PlyCount "79"]
[WhiteFideId "12994219"]
[BlackFideId "12970719"]
[EventCountry "GER"]
[EventRounds "9"]
[EventType "swiss"]
[EventDate "2022.06.04"]

1. e4 {[%clk 1:30:32]} c5 {[%clk 1:30:13]} 2. Nc3 {[%clk 1:30:28]} Nc6 {[%clk
1:28:41]} 3. Nf3 {[%clk 1:30:09]} e5 {[%clk 1:25:14]} 4. Bc4 {[%clk 1:29:26]}
g6 {[%clk 1:20:58]} 5. d3 {[%clk 1:28:32]} h6 {[%clk 1:19:31]} 6. Ng1 {[%clk
1:27:27]} Bg7 {[%clk 1:10:15]} 7. f4 {[%clk 1:26:58]} d6 {[%clk 1:06:14]} 8.
Nf3 {[%clk 1:26:07]} Nge7 {[%clk 1:00:27]} 9. fxe5 {[%clk 1:23:12]} dxe5 {[%clk
0:57:36]} 10. O-O {[%clk 1:19:40]} O-O {[%clk 0:57:01]} 11. Qe1 {[%clk
1:16:57]} Nd4 {[%clk 0:47:19]} 12. Qh4 {[%clk 1:05:16]} Nec6 {[%clk 0:38:37]}
13. Qxd8 {[%clk 1:03:08]} Nxd8 {[%clk 0:38:51]} 14. Nxd4 {[%clk 0:50:59]} cxd4
{[%clk 0:34:18]} 15. Nd5 {[%clk 0:49:13]} Be6 {[%clk 0:28:26]} 16. Bd2 {[%clk
0:45:05]} Bxd5 {[%clk 0:20:51]} 17. Bxd5 {[%clk 0:42:23]} Rc8 {[%clk 0:17:27]}
18. Bb3 {[%clk 0:37:55]} Ne6 {[%clk 0:14:20]} 19. Rf2 {[%clk 0:31:36]} Rc7
{[%clk 0:09:01]} 20. Raf1 {[%clk 0:29:47]} Re8 {[%clk 0:08:22]} 21. h4 {[%clk
0:22:25]} h5 {[%clk 0:04:22]} 22. Kh2 {[%clk 0:20:26]} b6 {[%clk 0:03:23]} 23.
a4 {[%clk 0:16:15]} a5 {[%clk 0:02:31]} 24. Kh3 {[%clk 0:14:37]} Rd7 {[%clk
0:01:56]} 25. g4 {[%clk 0:13:40]} hxg4+ {[%clk 0:01:44]} 26. Kxg4 {[%clk
0:14:08]} f6 {[%clk 0:01:18]} 27. Rxf6 {[%clk 0:07:15]} Bxf6 {[%clk 0:01:42]}
28. Rxf6 {[%clk 0:07:42]} Rde7 {[%clk 0:01:21]} 29. Rxg6+ {[%clk 0:07:18]} Kh7
{[%clk 0:01:04]} 30. Rh6+ {[%clk 0:05:24]} Kg7 {[%clk 0:01:25]} 31. h5 {[%clk
0:04:54]} Nc5 {[%clk 0:00:47]} 32. Bc4 {[%clk 0:03:36]} Rf8 {[%clk 0:00:48]}
33. Rg6+ {[%clk 0:02:39]} Kh7 {[%clk 0:01:06]} 34. Bg5 {[%clk 0:02:32]} Rb7
{[%clk 0:00:50]} 35. b3 {[%clk 0:01:51]} Rf2 {[%clk 0:00:49]} 36. Bg8+ {[%clk
0:01:07]} Kh8 {[%clk 0:01:12]} 37. Kg3 {[%clk 0:00:45]} Rf8 {[%clk 0:00:47]}
38. Bd5 {[%clk 0:00:40]} Rg7 {[%clk 0:00:57]} 39. Rh6+ {[%clk 0:00:53]} Rh7
{[%clk 0:01:18]} 40. Bf6+ {[%clk 0:01:11]} 1-0

[Event "DEM U16 2022"]
[Site "Willingen GER"]
[Date "2022.06.11"]
[Round "9"]
[White "Trushko, Andrii"]
[Black "Sidletskyi, Ivan"]
[Result "1/2-1/2"]
[Termination "normal"]
[Board "4"]
[WhiteElo "1897"]
[BlackElo "2084"]
[WhiteClock "00:24:42"]
[BlackClock "00:02:45"]
[PlyCount "147"]
[WhiteFideId "14172887"]
[BlackFideId "14156024"]
[EventCountry "GER"]
[EventRounds "9"]
[EventType "swiss"]
[EventDate "2022.06.04"]

1. d4 {[%clk 1:30:56]} e6 {[%clk 1:29:26]} 2. c4 {[%clk 1:30:27]} Nf6 {[%clk
1:29:06]} 3. Nc3 {[%clk 1:29:09]} Bb4 {[%clk 1:24:10]} 4. Qc2 {[%clk 1:28:35]}
d5 {[%clk 1:22:20]} 5. cxd5 {[%clk 1:27:25]} exd5 {[%clk 1:21:47]} 6. Bg5
{[%clk 1:26:06]} h6 {[%clk 1:13:46]} 7. Bxf6 {[%clk 1:24:31]} Qxf6 {[%clk
1:13:55]} 8. a3 {[%clk 1:24:20]} Bxc3+ {[%clk 1:11:09]} 9. Qxc3 {[%clk
1:24:33]} Nc6 {[%clk 1:04:06]} 10. e3 {[%clk 1:23:47]} Qg6 {[%clk 0:54:56]} 11.
Ne2 {[%clk 1:23:12]} O-O {[%clk 0:54:13]} 12. Nf4 {[%clk 1:19:36]} Qd6 {[%clk
0:54:20]} 13. Rc1 {[%clk 1:18:35]} Re8 {[%clk 0:50:53]} 14. Be2 {[%clk
1:14:58]} g5 {[%clk 0:37:04]} 15. Nd3 {[%clk 1:14:44]} Bf5 {[%clk 0:37:07]} 16.
Nc5 {[%clk 1:13:56]} Nd8 {[%clk 0:33:12]} 17. Bd3 {[%clk 1:11:35]} Bg4 {[%clk
0:32:08]} 18. h4 {[%clk 1:10:03]} b6 {[%clk 0:26:35]} 19. Nb3 {[%clk 1:07:03]}
Ne6 {[%clk 0:20:05]} 20. hxg5 {[%clk 1:01:22]} h5 {[%clk 0:17:54]} 21. Qc6
{[%clk 0:58:33]} Qd8 {[%clk 0:17:28]} 22. Kd2 {[%clk 0:55:08]} Qxg5 {[%clk
0:17:15]} 23. Rcg1 {[%clk 0:55:33]} h4 {[%clk 0:15:17]} 24. f3 {[%clk 0:49:41]}
Bh5 {[%clk 0:11:03]} 25. g4 {[%clk 0:48:13]} Bg6 {[%clk 0:07:48]} 26. Bxg6
{[%clk 0:48:33]} fxg6 {[%clk 0:06:52]} 27. f4 {[%clk 0:48:06]} Qe7 {[%clk
0:05:36]} 28. Nc1 {[%clk 0:44:50]} Rad8 {[%clk 0:04:56]} 29. g5 {[%clk
0:44:10]} Ng7 {[%clk 0:04:42]} 30. Re1 {[%clk 0:44:04]} Rd6 {[%clk 0:04:59]}
31. Qc3 {[%clk 0:41:23]} Nf5 {[%clk 0:05:07]} 32. Qb3 {[%clk 0:39:29]} c5
{[%clk 0:05:09]} 33. Rh3 {[%clk 0:34:36]} Qe4 {[%clk 0:04:58]} 34. Ne2 {[%clk
0:31:22]} cxd4 {[%clk 0:04:38]} 35. exd4 {[%clk 0:31:20]} Nxd4 {[%clk 0:04:12]}
36. Qd3 {[%clk 0:31:01]} Nxe2 {[%clk 0:04:15]} 37. Qxe4 {[%clk 0:31:01]} Rxe4
{[%clk 0:04:27]} 38. Rxe2 {[%clk 0:31:30]} Rxf4 {[%clk 0:04:45]} 39. Reh2
{[%clk 0:31:45]} Rg4 {[%clk 0:03:46]} 40. Rxh4 {[%clk 0:32:10]} Rxg5 {[%clk
0:04:09]} 41. Rh8+ {[%clk 0:31:38]} Kg7 {[%clk 0:29:25]} 42. R8h7+ {[%clk
1:01:51]} Kf6 {[%clk 0:29:27]} 43. Rxa7 {[%clk 1:01:21]} d4 {[%clk 0:28:58]}
44. Ra4 {[%clk 0:59:31]} Rg3 {[%clk 0:28:05]} 45. Rb4 {[%clk 0:54:54]} Ke5
{[%clk 0:27:05]} 46. Re2+ {[%clk 0:54:06]} Kf4 {[%clk 0:27:18]} 47. Re8 {[%clk
0:54:10]} g5 {[%clk 0:23:36]} 48. Rb8 {[%clk 0:53:53]} Ke4 {[%clk 0:21:19]} 49.
Re8+ {[%clk 0:48:47]} Kd5 {[%clk 0:21:16]} 50. Rb8 {[%clk 0:49:12]} Ke4 {[%clk
0:15:30]} 51. Re8+ {[%clk 0:49:36]} Kf3 {[%clk 0:15:23]} 52. Rf8+ {[%clk
0:47:44]} Kg2 {[%clk 0:12:53]} 53. Rb8 {[%clk 0:47:29]} Rf6 {[%clk 0:07:36]}
54. Rxd4 {[%clk 0:44:00]} g4 {[%clk 0:04:56]} 55. Rg8 {[%clk 0:40:53]} Kf3
{[%clk 0:04:02]} 56. Rd3+ {[%clk 0:37:48]} Kf4 {[%clk 0:04:25]} 57. Rd4+ {[%clk
0:37:51]} Kf5 {[%clk 0:04:47]} 58. Rb4 {[%clk 0:37:44]} Rg2+ {[%clk 0:04:55]}
59. Ke1 {[%clk 0:37:21]} Rc6 {[%clk 0:04:37]} 60. Kf1 {[%clk 0:34:07]} Rcc2
{[%clk 0:02:56]} 61. Rb5+ {[%clk 0:26:28]} Ke4 {[%clk 0:02:38]} 62. Re8+ {[%clk
0:25:27]} Kd3 {[%clk 0:01:40]} 63. Rd8+ {[%clk 0:24:21]} Ke4 {[%clk 0:01:44]}
64. Rb4+ {[%clk 0:24:17]} Kf5 {[%clk 0:01:55]} 65. Rb5+ {[%clk 0:24:34]} Ke6
{[%clk 0:01:39]} 66. Rxb6+ {[%clk 0:24:53]} Ke7 {[%clk 0:02:03]} 67. Rh8 {[%clk
0:23:30]} Rcf2+ {[%clk 0:01:52]} 68. Ke1 {[%clk 0:23:54]} Kf7 {[%clk 0:01:30]}
69. Rh7+ {[%clk 0:23:27]} Kg8 {[%clk 0:01:54]} 70. Re7 {[%clk 0:23:49]} Rxb2
{[%clk 0:01:46]} 71. Rxb2 {[%clk 0:23:58]} Rxb2 {[%clk 0:02:14]} 72. Re4 {[%clk
0:24:21]} Ra2 {[%clk 0:02:19]} 73. Rxg4+ {[%clk 0:24:36]} Kf7 {[%clk 0:02:45]}
74. a4 {[%clk 0:24:42]} 1/2-1/2